Welcome to CU Library Online Public Access Catalogue (OPAC)

Electronic devices and circuits / (Record no. 8247)

MARC details
000 -LEADER
fixed length control field 00798cam a2200253 a 4500
001 - CONTROL NUMBER
control field 11928593
005 - DATE AND TIME OF LATEST TRANSACTION
control field 20251112185654.0
008 - FIXED-LENGTH DATA ELEMENTS--GENERAL INFORMATION
fixed length control field 000303s2001 njua 001 0 eng
020 ## - INTERNATIONAL STANDARD BOOK NUMBER
International Standard Book Number 0130851787
020 ## - INTERNATIONAL STANDARD BOOK NUMBER
International Standard Book Number 9780130851789
050 00 - LIBRARY OF CONGRESS CALL NUMBER
Classification number TK7867
Item number .B57 2001
082 00 - DEWEY DECIMAL CLASSIFICATION NUMBER
Classification number 621.3815
Edition information 21
100 1# - MAIN ENTRY--PERSONAL NAME
Personal name Bogart, Theodore F.
245 10 - TITLE STATEMENT
Title Electronic devices and circuits /
Statement of responsibility, etc. Theodore F. Bogart, Jeffrey S. Beasley, Guillermo Rico.
250 ## - EDITION STATEMENT
Edition statement 5th ed.
260 ## - PUBLICATION, DISTRIBUTION, ETC.
Place of publication, distribution, etc. Upper Saddle River, N.J. :
Name of publisher, distributor, etc. Prentice Hall,
Date of publication, distribution, etc. c2001.
300 ## - PHYSICAL DESCRIPTION
Extent xii, 752 p. :
Other physical details ill. ;
Dimensions 29 cm.
500 ## - GENERAL NOTE
General note Includes index.
650 #0 - SUBJECT ADDED ENTRY--TOPICAL TERM
Topical term or geographic name entry element Electronic circuits.
650 #0 - SUBJECT ADDED ENTRY--TOPICAL TERM
Topical term or geographic name entry element Electronic apparatus and appliances.
700 1# - ADDED ENTRY--PERSONAL NAME
Personal name Beasley, Jeffrey S.,
Dates associated with a name 1955-
700 1# - ADDED ENTRY--PERSONAL NAME
Personal name Rico, Guillermo,
Dates associated with a name 1948-
942 ## - ADDED ENTRY ELEMENTS (KOHA)
Source of classification or shelving scheme Library of Congress Classification
Koha item type Books
Edition 5th ed.
Suppress in OPAC No
999 ## -
-- 8247
-- 8247
Holdings
Withdrawn status Lost status Source of classification or shelving scheme Damaged status Not for loan Collection Home library Current library Shelving location Date acquired Total checkouts Full call number Barcode Date last seen Copy number Price effective from Koha item type
    Library of Congress Classification     Non-fiction Science Library (Miotso) Science Library (Miotso) General stacks 11/12/2025   TK7867 .B57 BOG SLM00005814 11/12/2025 1 11/12/2025 Books
© 2023-2024 Copyright: Central University Libraries. All Rights Reserved | Created by: Mahone Tech Office